From language to communication

Saved in:
書目詳細資料
主要作者: Ellis, Donald G (Author)
格式: 圖書
語言:英语
出版: Mahwah Lawrence Erlbaum Associates 1999
版:2a. ed
叢編:Lea's Communication Series
主題:
標簽: 添加標簽
沒有標簽, 成為第一個標記此記錄!

MARC

LEADER 00000nam a2200000 a 4500
001 UCM5409
003 CL-VaPUC
008 021011e19990000us |||||||||||||||||eng|d
082 0 4 |a 302.2  |b ELL  |2 21 
100 0 |a Ellis, Donald G  |e author  |9 471609 
245 1 0 |a From language to communication 
250 |a 2a. ed 
300 |a 169 p 
942 |c BK 
945 |d 20021011 00:00:00  |a vberengu 
260 |a Mahwah  |b Lawrence Erlbaum Associates  |c 1999 
650 0 |a Comunicación   |9 257251 
650 0 |a Lingüística  |9 265068 
650 0 |a Sociolingüística  |9 263716 
583 |a last modification  |c 20171120 04:56:05  |k Rodrigo Vera 
490 0 |a Lea's Communication Series 
999 |c 301475  |d 301473 
952 |0 0  |1 0  |4 0  |6 302_200000000000000_ELL_1999  |7 0  |8 A  |9 360475  |a FDOPOS  |b FDOPOS  |d 2019-11-21  |i 3845087  |o 302.2 ELL 1999  |p 3845087  |r 2025-01-22  |w 2019-11-21  |y BK  |k MLA